|
|
|
|
| LEADER |
01124nam a2200277 a 4500 |
| 001 |
14170812 |
| 008 |
091231s1998 bg b 000 0 eng d |
| 010 |
|
|
|a \\2003328029
|
| 020 |
|
|
|a 9844890276
|
| 040 |
|
|
|a DLC
|c DLC
|d DLC
|d BD-DhAAL
|
| 082 |
0 |
0 |
|a 333.7/095492
|2 21
|
| 100 |
1 |
|
|a Ceder, Bjorn.
|
| 245 |
1 |
0 |
|a Study on group sustainability /
|c prepared by Bjorn Ceder, M.A. Quashem.
|
| 260 |
|
|
|a Dhaka :
|b BRDB Institutional Support Project,
|c 1998.
|
| 300 |
|
|
|a xiii, 85 p. :
|b ill. ;
|c 25 cm.
|
| 490 |
1 |
|
|a Report ;
|v no. 27
|
| 504 |
|
|
|a Includes bibliographical references (p. 40).
|
| 541 |
1 |
|
|e 00006567
|
| 650 |
|
0 |
|a Sustainable development
|z Bangladesh.
|
| 650 |
|
0 |
|a Rural conditions
|z Bangladesh.
|
| 700 |
1 |
|
|a Quashem, M. A.
|
| 710 |
2 |
|
|a BRDB Institutional Support Project.
|
| 830 |
|
0 |
|a Report (BRDB Institutional Support Project) ;
|v no. 27.
|
| 852 |
4 |
|
|a Ayesha Abed Library
|j General shelf
|
| 999 |
|
|
|c 6582
|d 6582
|
| 952 |
|
|
|0 0
|1 0
|2 ddc
|4 0
|6 333_709549200000000_CED_1998
|7 0
|9 6695
|a BRACUL
|b BRACUL
|c GEN
|d 2009-12-31
|g 0.00
|l 0
|o 333.7095492 CED
|p 3010006567
|r 2009-12-31
|t 1
|w 2009-12-31
|y BK
|x No price found in the accession register.
|